Escritos y discursos: escritores costarricenses /

Сохранить в:
Библиографические подробности
Главный автор: Dengo, Omar, 1888-1928
Другие авторы: Dengo de Vargas, María Eugenia
Формат: Неизвестно
Язык:Spanish
Опубликовано: San José, Costa Rica: Ministerio de Educación Pública, 1961
Серии:Obras completas ; 1
Предметы:
Метки: Добавить метку
Нет меток, Требуется 1-ая метка записи!

MARC

LEADER 000000000a22000000004500
001 000662
008 140812s1961 cr ccccg ||||a000 s spa d
040 |a CIICLA 
041 0 |a español 
082 |a CR864.4  |b D392e 
100 1 |a Dengo, Omar,   |d 1888-1928 
245 1 0 |a Escritos y discursos:   |b escritores costarricenses /  |c Omar Dengo ; edición de María Eugenia Dengo de Vargas 
260 |a San José, Costa Rica:   |b Ministerio de Educación Pública,   |c 1961 
300 |a xxi, 479 páginas :  |b retrato 
490 0 |a Obras completas ;  |v 1 
500 |a Número de inscripción 00508 
650 1 7 |a LITERATURA COSTARRICENSE  |v ENSAYOS 
700 1 2 |a Dengo de Vargas, María Eugenia  |j edición 
942 |2 ddc  |c BK 
999 |c 1447  |d 1447